Statistiche per Allenatori con più Scudetti in Serie A

Clicka qui per fare il quiz!

Statistiche generali

  • Questo quiz è stato fatto 22 volte
  • Il punteggio medio è 5 su 11

Statistiche sulle risposte

Scudetti vintiNazioneAllenatore% Corretto
6ItaliaMassimiliano Allegri
89%
4ItaliaAntonio Conte
83%
5ItaliaFabio Capello
83%
7ItaliaGiovanni Trapattoni
78%
5ItaliaMarcello Lippi
72%
3ItaliaRoberto Mancini
50%
3ArgentinaHelenio Herrera
44%
3UngheriaÁrpád Weisz
11%
4ItaliaCarlo Carcano
0%
3ItaliaCarlo Parola
0%
3ItaliaGiuseppe Viani
0%

Distribuzione punteggi

Percentile per numero di risposta

Percentuale di utenti per punteggio

I tuoi punteggi nel tempo

Non hai fatto questo quiz